| 000 | 00626nam a2200205 a 4500 | ||
|---|---|---|---|
| 001 | 8262 | ||
| 003 | CO-ViMGA | ||
| 008 | 141112s2004 ck r 000 u spa d | ||
| 020 | _a9583003859 | ||
| 040 |
_aCO-ViMGA _bspa _cCO-ViMGA |
||
| 082 | 0 | 4 | _aCo861.5 B17p |
| 100 | 1 | _aBarba Jacob, Porfirio | |
| 245 | 1 | 0 |
_aPorfirio Barba Jacob : _bSeleccion / _cBarba Jacob Porfirio |
| 260 |
_aBogotá, _cPanAméricana, _c1997 |
||
| 300 | _a68 p. | ||
| 490 | _aCuadernillos de poesia | ||
| 590 | _aForma de adquisición : donacion - - Proveedor : Biblioteca Luis Ángel Arango | ||
| 650 | 1 | 4 |
_apoesia colombiana _91069 |
| 942 |
_2ddc _cBK |
||
| 999 |
_c20071 _d20071 |
||